"Hivatalos" és "magán" az októberi megemlékezésen
Elmentve itt :
| Szerző: | |
|---|---|
| Dokumentumtípus: | Könyv része |
| Megjelent: |
2006
|
| Sorozat: | Szegedi vallási néprajzi könyvtár
17 1956, emlékezés és emlékezet : október 23-a megünneplése és a forradalom történelmi emlékezetének megszerkesztése napjainkban : egy kutatószeminárium tanulságai 17 |
| Kulcsszavak: | Ünnepi szokások - magyar, Ünnep - társadalmi - Magyarország |
| Tárgyszavak: | |
| Online Access: | http://acta.bibl.u-szeged.hu/70371 |
| LEADER | 00975naa a2200229 i 4500 | ||
|---|---|---|---|
| 001 | acta70371 | ||
| 005 | 20220131155334.0 | ||
| 008 | 200921s2006 hu o 0|| hun d | ||
| 020 | |a 963 482 773 X | ||
| 022 | |a 1419-1288 | ||
| 040 | |a SZTE Egyetemi Kiadványok Repozitórium |b hun | ||
| 041 | |a hun | ||
| 100 | 1 | |a Paréj Gabriella | |
| 245 | 1 | 0 | |a "Hivatalos" és "magán" az októberi megemlékezésen |h [elektronikus dokumentum] / |c Paréj Gabriella |
| 260 | |c 2006 | ||
| 300 | |a 165-166 | ||
| 490 | 0 | |a Szegedi vallási néprajzi könyvtár |v 17 | |
| 490 | 0 | |a 1956, emlékezés és emlékezet : október 23-a megünneplése és a forradalom történelmi emlékezetének megszerkesztése napjainkban : egy kutatószeminárium tanulságai |v 17 | |
| 650 | 4 | |a Társadalomtudományok | |
| 650 | 4 | |a Szociológia | |
| 695 | |a Ünnepi szokások - magyar, Ünnep - társadalmi - Magyarország | ||
| 856 | 4 | 0 | |u http://acta.bibl.u-szeged.hu/70371/1/szegedi_vallasi_017_165-166.pdf |z Dokumentum-elérés |